000 00668nam a2200193Ia 4500
005 20260601193251.0
008 260601s9999||||xx |||||||||||||| ||und||
020 _a978-3-031-67357-3
_qebk
100 _aNguyen-Son Vo
245 0 _aIndustrial Networks and Intelligent Systems
250 _a2024
260 _aHeidelberg, Germany
_bSpringer Nature
_c2024
440 _aLecture Notes of the Institute for Computer Sciences, Social Informatics and Telecommunications Engineering
650 _aComputer Science
700 _aDac-Binh Ha
700 _aHaejoon Jung
856 _uhttps://link.springer.com/openurl?genre=book&isbn=978-3-031-67357-3
942 _cEB
_2ddc
999 _c56721
_d56721